| 000 | 00967cam a2200277 a 4500 | ||
|---|---|---|---|
| 999 |
_c128609 _d128609 |
||
| 001 | 2112271 | ||
| 003 | ARRUPE | ||
| 005 | 20181121094145.0 | ||
| 008 | 960306s1995 enka b 001 0beng | ||
| 010 | _a 96122229 | ||
| 020 |
_a0340624868 : _c$31.98 |
||
| 040 |
_aDLC _cDLC _dDLC |
||
| 043 | _ae-uk--- | ||
| 050 | 0 | 0 |
_aPR4836 _b.C66 1995 |
| 082 | 0 | 0 |
_a821/.7 _aB _220 |
| 100 | 1 |
_aCoote, Stephen. _943550 |
|
| 245 | 1 | 0 |
_aJohn Keats : _cStephen Coote. _ba life / |
| 260 |
_aLondon : _bHodder & Stoughton, _c1995. |
||
| 300 |
_axii, 356 p. : _bill. ; _c24 cm. |
||
| 504 | _aIncludes bibliographical references and index. | ||
| 600 | 1 | 0 |
_aKeats, John, _d1795-1821. _929874 |
| 906 |
_a7 _bcbc _corignew _d3 _encip _f19 _gy-gencatlg |
||
| 942 |
_2lcc _cMONOGRAPH |
||